Event management in sport, recreation and tourism : (Record no. 9916)
[ view plain ]
| 000 -LEADER | |
|---|---|
| fixed length control field | 02054nam a22002657a 4500 |
| 005 - ΗΜΕΡΟΜΗΝΙΑ ΚΑΙ ΩΡΑ ΤΕΛΕΥΤΑΙΑΣ ΕΝΗΜΕΡΩΣΗΣ | |
| Πεδίο ελέγχου | 20250903090910.0 |
| 006 - FIXED-LENGTH DATA ELEMENTS--ADDITIONAL MATERIAL CHARACTERISTICS | |
| Πεδίο ελέγχου σταθερού μήκους | a|||||r||||||||||| |
| 008 - FIXED-LENGTH DATA ELEMENTS--GENERAL INFORMATION | |
| Πεδίο ελέγχου σταθερού μήκους | s2017 enk b 001 0 eng | |
| 020 ## - ISBN | |
| ISBN | 9781138234758 |
| Επεξηγηματικές πληροφορίες | hbk |
| 040 ## - ΠΗΓΗ ΚΑΤΑΛΟΓΟΓΡΑΦΗΣΗΣ | |
| Φορέας πρωτότυπης καταλογογράφησης | MC Athens Campus Library |
| Γλώσσα καταλογογράφησης | Αγγλικά |
| Modifying agency | MC Athens Campus Library |
| 245 00 - ΤΙΤΛΟΣ ΚΑΙ ΔΗΛΩΣΗ ΥΠΕΥΘΥΝΟΤΗΤΑΣ | |
| Τίτλος | Event management in sport, recreation and tourism : |
| Remainder of title | theoretical and practical dimensions / |
| Statement of responsibility, etc. | edited by Cheryl Mallen and Lorne J. Adams. |
| 250 ## - EDITION STATEMENT | |
| Edition statement | 3 ed. |
| 264 #1 - PRODUCTION, PUBLICATION, DISTRIBUTION, MANUFACTURE, AND COPYRIGHT NOTICE | |
| Place of production, publication, distribution, manufacture | London ; |
| -- | New York : |
| Name of producer, publisher, distributor, manufacturer | Routledge, Taylor & Francis Group, |
| Date of production, publication, distribution, manufacture, or copyright notice | 2017. |
| 300 ## - PHYSICAL DESCRIPTION | |
| Extent | xix, 271 p. ; |
| Διαστάσεις | 24 cm |
| 500 ## - GENERAL NOTE | |
| Γενική σημείωση | Previous edition: 2013. |
| 504 ## - ΣΗΜΕΙΩΣΗ ΒΙΒΛΙΟΓΡΑΦΙΑΣ κλπ. | |
| Σημείωση βιβλιογραφίας, κλπ. | Includes bibliographical references and index. |
| 520 ## - SUMMARY, ETC. | |
| Summary, etc. | Now in a fully revised and updated third edition, Event Management in Sport, Recreation and Tourism provides a comprehensive theoretical and practical framework for planning and managing events. Focusing on the role of event managers and their diverse responsibilities through each phase of the event planning process, this is still the only textbook to define the concept of knowledge in the context of event management, placing it at the centre of professional practice.<br/>Designed to encourage critical thinking on the part of the student, this book helps them develop the skills that they will need to become effective and reflective practitioners in the events industry. Containing a rich array of international real-world case studies, data and practical examples from sport, recreation and tourism contexts, this third edition is also enhanced by two completely new chapters on contemporary management issues and ethics in event management.<br/>Event Management in Sport, Recreation and Tourism is essential reading for any student or practitioner working in event management, sport management, leisure management, outdoor recreation or tourism. |
| 650 #0 - SUBJECT ADDED ENTRY--TOPICAL TERM | |
| Topical term or geographic name entry element | Special events |
| General subdivision | Management |
| 9 (RLIN) | 10071 |
| 650 #0 - SUBJECT ADDED ENTRY--TOPICAL TERM | |
| Topical term or geographic name entry element | Health & Sport |
| 9 (RLIN) | 10066 |
| 650 #0 - SUBJECT ADDED ENTRY--TOPICAL TERM | |
| Topical term or geographic name entry element | Tourism |
| 9 (RLIN) | 10045 |
| 700 ## - ΠΡΟΣΘΕΤΗ ΑΝΑΓΡΑΦΗ--ΦΥΣΙΚΟ ΠΡΟΣΩΠΟ | |
| Personal name | Mallen, Cheryl |
| Σχέση | Επιμελητής |
| 9 (RLIN) | 10069 |
| 700 ## - ΠΡΟΣΘΕΤΗ ΑΝΑΓΡΑΦΗ--ΦΥΣΙΚΟ ΠΡΟΣΩΠΟ | |
| Personal name | Adams, Lorne James |
| 9 (RLIN) | 10070 |
| 942 ## - ADDED ENTRY ELEMENTS (KOHA) | |
| Koha item type | Books |
| Τύπος τεκμηρίου | Βιβλιοθήκη | Τρέχουσα τοποθεσία | Barcode | Αριθμός εισαγωγής | Ημερομηνία απόκτησης | Ταξιθετικό σύμβολο | Αριθμός αντιτύπου | Κατάσταση απόσυρσης | Κατάσταση χαμένου | Κατάσταση κατεστραμμένου | Μη δανεισμός | Σύνολο δανεισμών | Ημερομηνία τελευταίας εμφάνισης | Η τιμή ισχύει από |
|---|---|---|---|---|---|---|---|---|---|---|---|---|---|---|
| Books | MC Athens Campus Library | MC Athens Campus Library | 9780000098870 | 8055 | 03/09/2025 | 394.2 MAL | 1 | 03/09/2025 | 03/09/2025 |